| 000 | 00661nam a2200181 i 4500 | ||
|---|---|---|---|
| 001 | 117678 | ||
| 003 | ES-MaACL | ||
| 005 | 20251015063116.0 | ||
| 007 | t| | ||
| 008 | 070214s1910 fr r ||||1| fre d | ||
| 100 | 1 |
_aMoréas, Jean, _d1856-1910 _988859 |
|
| 245 | 1 | 0 |
_aVariations sur la vie et les livres / _cJean Moréas [Seud.]. |
| 260 |
_aParis : _bMercure de France, _c1910. |
||
| 300 |
_a316 p. ; _c19 cm. |
||
| 505 | 8 | _aContiene: Madame de la Fayette ; La vallee-aux-loups ; L'epitaphe de Rabelais ; La mort et l'amitre ; Le comedien ; Goethe et Shakespeare ; Voltaire et la tragedie | |
| 852 |
_aES-MaACL _jF-8831 |
||
| 999 |
_c117678 _d117678 |
||